000 00952nam a2200277Ia 4500
003 GCL
008 140319s9999 xx 000 0 ara d
040 _aGCL /
_cGCL
082 0 4 _a659.1
_bم أ
100 1 _aمحمد محمود مصطفى
245 1 0 _aالاعلان الفعال :
_bتجارب محلية ودولية /
_cمحمد محمود مصطفى
250 _aالاولى
260 _aالاردن :
_bدار الشروق ،
_c2004
300 _a215 ص ؛
_c24 سم
650 0 4 _aالتسويق
650 0 4 _aالاعلان
650 0 4 _aوسائل الاعلام
650 0 4 _aالاعلان بالصحف
650 0 4 _aالاعلان بالاذاعة
650 0 4 _aالاعلان بالتلفزيون
650 0 4 _aالاعلان - دعاية
650 0 4 _aالاعلانات - انواع
650 0 4 _aالاعلان - اغراضة واهدافة
650 0 4 _aالسوق التجارى الدولى
942 _2ddc
_cBK
999 _c9953
_d9953